000 00509nam a2200193Ia 4500
008 101110s9999 xx 000 0 und d
041 _aENGLISH
082 _bSR11806
_a658.8
100 _aSherlekar S.A.
245 _aBusiness Planning and Policy IInd Rev.Ed.
365 _b22
520 _aCommerce
546 _aENGLISH
630 _aBusiness Planning and Policy IInd Rev.Ed.
650 _aCommerce
655 _aCommerce
730 _aBusiness Planning and Policy IInd Rev.Ed.
942 _cBOOK
999 _c806450
_d806447